Normal view
MARC view
- V B Bhandari
Entry Personal Name
001 - CONTROL NUMBER
- control field: 106340
003 - CONTROL NUMBER IDENTIFIER
- control field: NUST
005 - DATE AND TIME OF LATEST TRANSACTION
- control field: 20221229120925.0
008 - FIXED-LENGTH DATA ELEMENTS
- fixed length control field: 221229|| aca||aabn | a|a d
040 ## - CATALOGING SOURCE
- Original cataloging agency: NUST
- Transcribing agency: NUST
100 ## - HEADING--PERSONAL NAME
- Personal name: V B Bhandari
670 ## - SOURCE DATA FOUND
- Source citation: Work cat.: (NUST)189558: V B Bhandari, Design of machine elements /, 2011
